00461nam a2200193 a 4500001001300000003000900013005001700022008004100039020001000080082001700090100001500107245002100122260004000143300000900183500003500192505000800227650001700235700001500252nice12345678IN_TiNIC20260116011414.0050524s1894 chea grp 000 0 per  ac10000a955.052bHAZ aHazar, M R aDauran-I-Pehlavi aChennai bLilly Soosai Opset c1894 a144p aincludes index and biblioraphy2 aIll aIran-History1 aHazar, M R